| 000 | 00394nam a2200157Ia 4500 | ||
|---|---|---|---|
| 008 | 221030s9999 xx 000 0 und d | ||
| 020 | _a007855544 | ||
| 041 | _aEnglish | ||
| 082 |
_a105.23 _bPeat |
||
| 100 | _aJ. B. Peatman | ||
| 245 | 0 |
_aMicrocomputer Based Design _cby J. B. Peatman |
|
| 260 |
_bMcGraw Hill Pub. _aNew Delhi _c1988 |
||
| 300 | _a590 | ||
| 650 | _aBE Computer | ||
| 942 | _cBK | ||
| 999 |
_c8103 _d8103 |
||